Автоматизация проектирования изделий и технологических процессов гибких автоматизированных производств (ГАП) машиностроения и приборостроения. ... за 1980-1984 гг. (Запись № 7473821)

Подробности
000 -МАРКЕР
контрольное поле 01527nam2a22002291 4500
001 - ИДЕНТИФИКАТОР ЗАПИСИ
контрольное поле rc\771369
005 - ИДЕНТИФИКАТОР ВЕРСИИ
контрольное поле 20250622135029.0
035 ## - ДРУГИЕ СИСТЕМНЫЕ НОМЕРА
Идентификатор записи (NLR Aleph) 006323588
100 ## - ДАННЫЕ ОБЩЕЙ ОБРАБОТКИ
Данные общей обработки 20040301d1984 |||y0rusy50 ca
101 0# - ЯЗЫК РЕСУРСА
Язык текста, звукозаписи и т.д. русский
102 ## - СТРАНА ПУБЛИКАЦИИ ИЛИ ПРОИЗВОДСТВА
Страна публикации российская федерация
105 ## - ПОЛЕ КОДИРОВАННЫХ ДАННЫХ: ТЕКСТОВЫЕ МАТЕРИАЛЫ, МОНОГРАФИЧЕСКИЕ
Кодированные данные о монографическом текстовом документе y |||||||||
200 0# - ЗАГЛАВИЕ И СВЕДЕНИЯ ОБ ОТВЕТСТВЕННОСТИ
Основное заглавие ... за 1980-1984 гг.
Первые сведения об ответственности [Сост. Л.С. Сырова]
210 ## - ПУБЛИКАЦИЯ, РАСПРОСТРАНЕНИЕ И ДР.
Дата издания, распространения и т.д. 1984
Место издания, распространения и т.д. Б. м.
215 ## - ФИЗИЧЕСКАЯ ХАРАКТЕРИСТИКА
Специфическое обозначение материала и объем 43 л.
461 #0 - УРОВЕНЬ НАБОРА
Встроенное поле 001rc\771368
-- 2001#$aАвтоматизация проектирования изделий и технологических процессов гибких автоматизированных производств (ГАП) машиностроения и приборостроения$eЛит. на рус. и иностр. яз. ...$fГос. Публ. б-ка им. М.Е. Салтыкова-Щедрина, Информ.-библиогр. отд.$v... за 1980-1984 гг.
Системный номер (АБИС) связанной записи 7473813
Место публикации [Л.]
Дата публикации 1984
Первые сведения об ответственности Гос. Публ. б-ка им. М.Е. Салтыкова-Щедрина, Информ.-библиогр. отд.
Имя издателя, распространителя и т.д. Б. и.
Сведения, относящиеся к заглавию Лит. на рус. и иностр. яз. ...
Заглавие Автоматизация проектирования изделий и технологических процессов гибких автоматизированных производств (ГАП) машиностроения и приборостроения
Номер тома ... за 1980-1984 гг.
801 #0 - ИСТОЧНИК ЗАПИСИ
Страна российская федерация
Организация NLR
Правила каталогизации psbo
801 #1 - ИСТОЧНИК ЗАПИСИ
Страна российская федерация
Организация ELAR
Источник данных rusmarc
852 ## - МЕСТОНАХОЖДЕНИЕ И ШИФР ХРАНЕНИЯ
Идентификатор организации NLR
Шифр хранения (Call Number) Мф К1/14272
942 ## - ДОПОЛНИТЕЛЬНЫЕ ЭЛЕМЕНТЫ ЗАПИСИ (АБИС)
Тип экземпляра АБИС Книга
980 ## - КОЛЛЕКЦИЯ
Название коллекции Национальная библиография
Экземпляры
Тип экземпляра Дата поступления Библиотека постоянного хранения Библиотека текущего хранения Место хранения Шифр хранения Штрих-код Статус не для выдачи
Книга 26.10.2013 РНБ (Московский) РНБ (Московский) Фонд микроформ Мф К1/14272 6323588-10